[Event "Florianopolis op 5th"]
[Site "Florianopolis"]
[Date "2019.01.22"]
[Round "2"]
[White "Urquiza, Marcello de Albuque"]
[Black "Minelli, Fausto"]
[Result "1-0"]
[WhiteElo "2025"]
[BlackElo "1781"]
[PlyCount "40"]
[EventDate "2019.01.21"]
[EventType "swiss"]
[EventRounds "10"]
[EventCountry "BRA"]
[SourceTitle "CBM 188 Extra"]
[Source "ChessBase"]
[SourceDate "2019.02.26"]
[SourceVersion "1"]
[SourceVersionDate "2019.02.26"]
[SourceQuality "1"]

1. e4 g6 2. d4 Bg7 3. Nf3 d6 4. Be2 Nf6 5. Nc3 0-0 6. 0-0 Nbd7 7. Be3 c6 8. a4 a5 9. Qd2 Ng4 10. Bg5 f6 11. Bh4 Qb6 12. Rfe1 h5 13. Bc4+ Kh7 14. h3 Nh6 15. e5 dxe5 16. dxe5 Nf5 17. exf6 exf6 18. Bd3 Ne5 19. Ne4 Nxh4 20. Nxh4 Qc7 1-0

[Event "World Amateur-ch U2000"]
[Site "Cagliari"]
[Date "2018.04.29"]
[Round "9"]
[White "Minelli, Fausto"]
[Black "Boabaid, Jorge Alberto Duard"]
[Result "1-0"]
[WhiteElo "1730"]
[BlackElo "1827"]
[PlyCount "43"]
[EventDate "2018.04.22"]
[EventType "swiss"]
[EventRounds "9"]
[EventCountry "ITA"]
[SourceTitle "CBM 184 Extra"]
[Source "ChessBase"]
[SourceDate "2018.06.28"]
[SourceVersion "1"]
[SourceVersionDate "2018.06.28"]
[SourceQuality "1"]

1. Nf3 d5 2. g3 Nf6 3. Bg2 c6 4. 0-0 Bg4 5. c4 Nbd7 6. cxd5 Nxd5 7. d4 e6 8. Qb3 b6 9. e4 N5f6 10. Nc3 Be7 11. Bg5 0-0 12. Bxf6 Nxf6 13. Ne5 Rc8 14. Nxg4 Nxg4 15. Rfd1 Qe8 16. d5 cxd5 17. exd5 Bc5 18. Ne4 exd5 19. Nxc5 Rxc5 20. Rxd5 Qe2 21. Rf1 Rc2 22. Bf3 1-0

[Event "World Amateur-ch U2000"]
[Site "Cagliari"]
[Date "2018.04.28"]
[Round "8"]
[White "Pagano, Sergio1111"]
[Black "Minelli, Fausto"]
[Result "1-0"]
[WhiteElo "1908"]
[BlackElo "1730"]
[PlyCount "61"]
[EventDate "2018.04.22"]
[EventType "swiss"]
[EventRounds "9"]
[EventCountry "ITA"]
[SourceTitle "CBM 184 Extra"]
[Source "ChessBase"]
[SourceDate "2018.06.28"]
[SourceVersion "1"]
[SourceVersionDate "2018.06.28"]
[SourceQuality "1"]

1. d4 g6 2. c4 Bg7 3. Nc3 Nf6 4. b4 0-0 5. Nf3 d6 6. Bb2 c6 7. e3 Qc7 8. Qb3 Nbd7 9. Be2 e5 10. dxe5 dxe5 11. 0-0 b6 12. Rfd1 Bb7 13. c5 b5 14. Rd2 Rfe8 15. Ng5 Re7 16. Rad1 e4 17. Ncxe4 Nxe4 18. Nxe4 Bxb2 19. Qxb2 Ne5 20. Nd6 Bc8 21. Nxc8 Rxc8 22. Rd6 f5 23. Qd4 Nf7 24. Rd7 Rxd7 25. Qxd7 a5 26. Qe6 Rd8 27. Rxd8+ Qxd8 28. Qxc6 axb4 29. Qxb5 Qd2 30. Qc4 Kg7 31. Qd4+ 1-0

[Event "Florianopolis op 3rd"]
[Site "Florianopolis"]
[Date "2017.01.21"]
[Round "2"]
[White "Minelli, Fausto"]
[Black "Feller, Gabriela Luisa Vice"]
[Result "1-0"]
[WhiteElo "1820"]
[BlackElo "1504"]
[PlyCount "85"]
[EventDate "2017.01.20"]
[EventType "swiss"]
[EventRounds "10"]
[EventCountry "BRA"]
[SourceTitle "CBM 176 Extra"]
[Source "ChessBase"]
[SourceDate "2017.03.02"]
[SourceVersion "1"]
[SourceVersionDate "2017.03.02"]
[SourceQuality "1"]

1. d4 Nf6 2. c4 g6 3. Nc3 Bg7 4. e4 d6 5. Be2 0-0 6. Nf3 e5 7. h3 Nc6 8. Be3 Ne8 9. dxe5 Nxe5 10. Nxe5 Bxe5 11. Qd2 Nf6 12. Bd4 Be6 13. 0-0 c5 14. Bxe5 dxe5 15. Qg5 Nd7 16. Qg3 f6 17. Rad1 Qb6 18. Rd2 Rad8 19. Rfd1 Nb8 20. Na4 Qc7 21. Rxd8 Rxd8 22. Rxd8+ Qxd8 23. Nxc5 Bc8 24. Qd3 Qxd3 25. Bxd3 b6 26. Na4 Nc6 27. c5 Nb4 28. Be2 bxc5 29. Nxc5 Nxa2 30. Bc4+ Kf8 31. Bxa2 Ke7 32. Bd5 Kd6 33. Na4 Bd7 34. Nc3 Kc5 35. Kf1 Kd4 36. Ke2 a5 37. Kd2 h6 38. Ne2+ Kc5 39. Kc3 a4 40. Bf7 g5 41. Ng3 Kb5 42. Nf5 Bxf5 43. exf5 1-0

[Event "Manaus zt 2.4"]
[Site "Manaus"]
[Date "2013.05.01"]
[Round "7"]
[White "Farias, Sergio Luiz Cardoso"]
[Black "Minelli, Fausto"]
[Result "1/2-1/2"]
[WhiteElo "1537"]
[BlackElo "1940"]
[PlyCount "90"]
[EventDate "2013.04.27"]
[EventType "swiss"]
[EventRounds "9"]
[EventCountry "BRA"]
[SourceTitle "CBM 154 Extra"]
[Source "ChessBase"]
[SourceDate "2013.06.25"]
[SourceVersion "2"]
[SourceVersionDate "2013.06.25"]
[SourceQuality "1"]

1. e4 c6 2. Nf3 d5 3. exd5 cxd5 4. d4 Nf6 5. c3 a6 6. h3 Bf5 7. Nbd2 e6 8. Ne5 Bd6 9. Ndf3 h6 10. Qb3 Qc7 11. Bf4 0-0 12. Rc1 Nc6 13. Be2 Ne4 14. 0-0 f6 15. Nxc6 Bxf4 16. Nb4 Bxc1 17. Rxc1 b5 18. Nxd5 Qd6 19. Ne3 Bg6 20. Rd1 Bf7 21. Qc2 Qc6 22. Bd3 Nd6 23. Bh7+ Kh8 24. Bd3 Rac8 25. a3 Nc4 26. Nxc4 bxc4 27. Be4 Qb5 28. Qd2 Rb8 29. Rb1 g5 30. h4 Kg7 31. hxg5 hxg5 32. d5 exd5 33. Nd4 dxe4 34. Nxb5 axb5 35. Re1 Rfd8 36. Qc2 Bg6 37. f4 Rd5 38. fxg5 Rxg5 39. Qd2 Rf8 40. Qd6 Re5 41. Re3 Rfe8 42. Qd7+ R8e7 43. Qc8 f5 44. Rh3 Re8 45. Qc7+ R8e7 1/2-1/2

[Event "Manaus zt 2.4"]
[Site "Manaus"]
[Date "2013.04.28"]
[Round "3"]
[White "Barata, Adriano Albiani"]
[Black "Minelli, Fausto"]
[Result "1-0"]
[WhiteElo "2147"]
[BlackElo "1940"]
[PlyCount "49"]
[EventDate "2013.04.27"]
[EventType "swiss"]
[EventRounds "9"]
[EventCountry "BRA"]
[SourceTitle "CBM 154 Extra"]
[Source "ChessBase"]
[SourceDate "2013.06.25"]
[SourceVersion "2"]
[SourceVersionDate "2013.06.25"]
[SourceQuality "1"]

1. e4 d5 2. exd5 Nf6 3. Nf3 Nxd5 4. d4 g6 5. Be2 Bg7 6. 0-0 0-0 7. h3 c6 8. Re1 Qc7 9. Bf1 e6 10. c4 Nf6 11. Nc3 b6 12. g3 Bb7 13. Bf4 Qd8 14. Bg2 Nh5 15. Be5 Bxe5 16. Nxe5 Nf6 17. Qd2 Kg7 18. Rad1 Nfd7 19. Ng4 h5 20. Qh6+ Kg8 21. Ne5 Qf6 22. Nb5 Nxe5 23. dxe5 Qe7 24. Nd6 Na6 25. Ne4 1-0